000 00741nam a2200205 i 4500
001 88434
003 ES-MaACL
005 20251003063112.0
007 t|
008 050104s1907 fr a |||| | spa d
100 1 _aLampérez y Romea, Vicente,
_d1861-1923
_9128639
245 1 0 _aSobre algunas posibles influencias de la arquitectura cristiana española de la Edad Media en la francesa /
_cVicente Lampérez y Romea.
260 _aNew York ;
_aParís :
_b[s.n.],
_c1907.
300 _a15 p. :
_bil. ;
_c25 cm.
595 _aExtrait de: Revue hispanique, t. XVI.
650 7 _aArquitectura medieval-
_zEspaña
_2
_9169631
650 7 _aArquitectura francesa
_2
_9151547
852 _aES-MaACL
_jT-1398-F-5
999 _c88434
_d88434